|
|
|
|
| LEADER |
00000naa0a2200000 4500 |
| 001 |
666673 |
| 005 |
20250818163250.0 |
| 035 |
|
|
|a (RuTPU)RU\TPU\network\37877
|
| 035 |
|
|
|a RU\TPU\network\29114
|
| 090 |
|
|
|a 666673
|
| 100 |
|
|
|a 20220119d2018 k y0rusy50 ca
|
| 101 |
0 |
|
|a rus
|
| 102 |
|
|
|a RU
|
| 135 |
|
|
|a drgn ---uucaa
|
| 181 |
|
0 |
|a i
|
| 182 |
|
0 |
|a b
|
| 200 |
1 |
|
|a Разработка устройства передачи цифровой информации по двухпроводной низковольтной линии постоянного тока
|f Т. М. Жакишева, В. М. Саклаков
|g науч. рук. П. В. Выборнов
|
| 203 |
|
|
|a Текст
|c электронный
|
| 225 |
1 |
|
|a Информационно-управляющие системы
|
| 300 |
|
|
|a Заглавие с экрана
|
| 333 |
|
|
|a Режим доступа: по договору с организацией-держателем ресурса
|
| 463 |
|
|
|t Международная научная студенческая конференция, МНСК-2018
|l Proceedings of the 56th international students scientific conference, April, 22-27, 2018, Information Technology
|o материалы 56-й международной научной студенческой конференции, 22-27 апреля 2018 г., Новосибирск
|v [С. 55]
|d 2018
|
| 610 |
1 |
|
|a электронный ресурс
|
| 610 |
1 |
|
|a труды учёных ТПУ
|
| 610 |
1 |
|
|a передача информации
|
| 610 |
1 |
|
|a цифровая информация
|
| 610 |
1 |
|
|a двухпроводные линии
|
| 610 |
1 |
|
|a исполнительные механизмы
|
| 610 |
1 |
|
|a датчики
|
| 700 |
|
1 |
|a Жакишева
|b Т. М.
|
| 701 |
|
1 |
|a Саклаков
|b В. М.
|c специалист в области информатики и вычислительной техники
|c cтарший преподаватель Томского политехнического университета
|f 1989-
|g Василий Михайлович
|9 21244
|
| 702 |
|
1 |
|a Выборнов
|b П. В.
|c специалист в области ядерных технологий
|c инженер Томского политехнического университета, кандидат технических наук
|f 1980-
|g Павел Викторович
|4 727
|
| 712 |
0 |
2 |
|a Национальный исследовательский Томский политехнический университет
|b Школа базовой инженерной подготовки
|b Отделение математики и информатики
|3 (RuTPU)RU\TPU\col\23555
|
| 801 |
|
2 |
|a RU
|b 63413507
|c 20220119
|g RCR
|
| 856 |
4 |
|
|u https://elibrary.ru/item.asp?id=36336124
|
| 942 |
|
|
|c CF
|